000 00660nam a2200157 4500
999 _c16367
_d16367
008 220118b ||||| |||| 00| 0 eng d
022 _a0893-8989
082 _aDPer 363.205 P75 Sept 2013-May 2016 v. 37 & 40, n. 9-11/1-5
100 _aSmith, David.
_943820
245 _aThe danger list:
_bthere are classic mistakes that get officers killed. You should memorize them, write them down, and keep the list handy/
_cDavid Smith.
260 _aCalifornia:
_bBobit Business Media,
_c©Sept 2013-May 2016.
300 _av37 n9, page 72-;
_billustrations;
_c27 cm.
500 _aPolice: the law enforcement magazine.
650 _aPolice
_943821
942 _2ddc
_cPER